Cómo elaborar y asesorar una investigación de tesis (Registro nro. 1968)

Detalles MARC
000 -CABECERA
Longitud fija campo de control 00694nam a2200241 b 4500
003 - IDENTIFICADOR DELl NÚMERO DE CONTROL
Identificador del número de control OSt
005 - FECHA Y HORA DE LA ÚLTIMA TRANSACCIÓN
Fecha y hora de la última transacción 20141215213002.0
008 - CÓDIGOS DE INFORMACIÓN DE LONGITUD FIJA
Códigos de información de longitud fija 110805s1998 esp | | 001|0|spa c
020 ## - NÚMERO INTERNACIONAL NORMALIZADO PARA LIBROS
Número Internacional Normalizado para Libros (ISBN) 970-17-0139-9
040 ## - FUENTE DE LA CATALOGACIÓN
Centro catalogador de origen RABEL
Centro transcriptor BMC
082 ## - NÚMERO DE LA CLASIFICACIÓN DECIMAL DEWEY
Númeroo de clasificación 011.7
082 ## - NÚMERO DE LA CLASIFICACIÓN DECIMAL DEWEY
Númeroo de clasificación 001.42
100 1# - PUNTO DE ACCESO PRINCIPAL-NOMBRE DE PERSONA
9 (RLIN) 1650
Nombre de persona Muñoz Razo, Carlos
245 10 - MENCIÓN DE TÍTULO
Título Cómo elaborar y asesorar una investigación de tesis
Mención de responsabilidad, etc. Carlos Muñoz Razo
250 ## - MENCIÓN DE EDICIÓN
Mención de edición 1ª ed
260 ## - PUBLICACIÓN, DISTRIBUCIÓN, ETC. (PIE DE IMPRENTA)
Lugar de publicación, distribución, etc. México, D.F. [etc.]
Nombre del editor, distribuidor, etc. Prentice Hall
Fecha de publicación, distribución, etc. 1998
300 ## - DESCRIPCIÓN FÍSICA
Extensión 300 p.
Otras características físicas il., graf.
Dimensiones 23 cm
500 ## - NOTA GENERAL
Nota general Indice
504 ## - NOTA DE BIBLIOGRAFÍA, ETC
Nota de bibliografía, etc. Bibliografíia: p. [299]-300
650 24 - PUNTO DE ACCESO ADICIONAL DE MATERIA - TÉRMINO DE MATERIA
Término de materia o nombre geográfico como elemento inicial Investigación
Subdivisión de materia general Metodología
9 (RLIN) 168
650 24 - PUNTO DE ACCESO ADICIONAL DE MATERIA - TÉRMINO DE MATERIA
9 (RLIN) 4767
Término de materia o nombre geográfico como elemento inicial Tesis
Subdivisión de materia general Metodología
942 ## - ENTRADA DE ELEMENTOS AGREGADOS (KOHA)
Fuente de clasificaión o esquema Dewey Decimal Classification
Koha [por defecto] tipo de item 1- Monografias
Existencias
Suprimido Perdido Fuente de clasificación o esquema Estropeado Restricciones de uso No para préstamo Código de colección Localización permanente Localización actual Localización en estanter&íacute;as Fecha adquisición Fuente de adquisición Número de inventario Préstamos totales Signatura completa Código de barras Fecha última consulta Coste, precio reemplazado Fecha del precio de reemplazo Tipo de item de Koha Renovaciones totales Fecha último préstamo
NULL NULL Dewey Decimal Classification NULL Prestable NULL NULL Biblioteca Miguel de Cervantes - UNICAES Biblioteca Miguel de Cervantes - UNICAES Sala Principal 20/04/1999 Donación - Facultad de Ciencias Empresariales 002387   011.7 MUÑ com 1002387 09/09/2013 40.80 09/09/2013 1- Monografias    
NULL NULL Dewey Decimal Classification NULL Prestable NULL NULL Biblioteca Miguel de Cervantes - UNICAES Biblioteca Miguel de Cervantes - UNICAES Sala Principal 29/01/2001 Donación - Facultad de Ciencias Empresariales 002388 4 011.7 MUÑ com 1002388 11/04/2019 40.80 09/09/2013 1- Monografias 1 05/04/2019
NULL NULL Dewey Decimal Classification NULL Prestable NULL NULL Biblioteca Miguel de Cervantes - UNICAES Biblioteca Miguel de Cervantes - UNICAES Sala Principal 24/01/2001 Donación - Facultad de Ciencias Empresariales 002389 1 011.7 MUÑ com 1002389 23/07/2015 40.80 09/09/2013 1- Monografias   23/07/2015
NULL NULL Dewey Decimal Classification NULL Prestable NULL NULL Biblioteca Miguel de Cervantes - UNICAES Biblioteca Miguel de Cervantes - UNICAES Sala Principal 23/02/1999 Donación - Facultad de Ciencias y Humanidades 002390 3 011.7 MUÑ com 1002390 13/05/2016 40.80 09/09/2013 1- Monografias   13/05/2016
NULL NULL Dewey Decimal Classification NULL Prestable NULL NULL Biblioteca Miguel de Cervantes - UNICAES Biblioteca Miguel de Cervantes - UNICAES Sala Principal 29/01/2001 Donación - Facultad de Ciencias Empresariales 002391 1 011.7 MUÑ com 1002391 26/01/2017 40.80 09/09/2013 1- Monografias   26/01/2017
NULL NULL Dewey Decimal Classification NULL Prestable NULL NULL Biblioteca Miguel de Cervantes - UNICAES Biblioteca Miguel de Cervantes - UNICAES Sala Principal 09/09/2013 Donación - Facultad de Ciencias Empresariales 002392   011.7 MUÑ com 1002392 09/09/2013 40.80 09/09/2013 1- Monografias    
NULL NULL Dewey Decimal Classification NULL Prestable NULL NULL Biblioteca Miguel de Cervantes - UNICAES Biblioteca Miguel de Cervantes - UNICAES Sala Principal 20/04/1999 Donación - Facultad de Ciencias Empresariales 002393   011.7 MUÑ com 1002393 09/09/2013 40.80 09/09/2013 1- Monografias    
NULL NULL Dewey Decimal Classification NULL Prestable NULL NULL Biblioteca Miguel de Cervantes - UNICAES Biblioteca Miguel de Cervantes - UNICAES Sala Principal 23/02/1999 Donación - Facultad de Ciencias y Humanidades 002394 1 011.7 MUÑ com 1002394 20/08/2022 40.80 09/09/2013 1- Monografias   19/08/2022
NULL NULL Dewey Decimal Classification NULL Prestable NULL NULL Biblioteca Miguel de Cervantes - UNICAES Biblioteca Miguel de Cervantes - UNICAES Sala Principal 23/02/1999 Donación - Facultad de Ciencias y Humanidades 002395 2 011.7 MUÑ com 1002395 13/09/2019 40.80 09/09/2013 1- Monografias   11/09/2019